000 00803aam a2200265 a 4500
001 74508
003 BD-RjUL
005 20211209082549.0
008 181010s2009 enkb b 001 0 eng d
020 _a9780141034751 (pbk.)
020 _a0141034750 (pbk.)
035 _a(Uk)015360948
040 _aStDuBDS
_beng
_cStDuBDS
_dBD-RjUL
041 _aeng
082 0 4 _a980
_222
100 1 _aWilliamson, Edwin.
_9223539
245 1 4 _aThe Penguin history of Latin America /
_cEdwin Williamson.
250 _aRev. ed.
260 _aLondon ;
_aNew York :
_bPenguin,
_c2009.
300 _aviii, 705 p. :
_bmaps ;
_c20 cm.
500 _aPrevious ed.: London: Allen Lane, 1992.
504 _aIncludes bibliographical references and index.
651 0 _aLatin America
_xHistory.
_9223540
942 _2ddc
_cBK
999 _c74508
_d74508